| 000 | 00617nam a2200205Ia 4500 | ||
|---|---|---|---|
| 003 | OSt | ||
| 005 | 20251016151243.0 | ||
| 008 | 220930b |||||||| |||| 00| 0 eng d | ||
| 037 | _cREF | ||
| 040 |
_aCRL _cCRL _beng |
||
| 041 |
_2eng _aeng |
||
| 084 |
_aSN1:(X:8) M4 _qAL |
||
| 100 |
_aAllinson Christopher W. _9281493 |
||
| 245 | 0 | _aBureaucatic personality and organisation structure | |
| 260 |
_aEngland: _bGower UK, _c1984. |
||
| 300 |
_a159p. _ccm. |
||
| 650 |
_aMANAGEMENT _9848611 |
||
| 942 |
_hSN1:(X:8) M4(RR) _cREF _2CC _n0 |
||
| 999 |
_c925454 _d925454 |
||